Revista de derecho privado y comunitario 2015 Número extraordinario : claves del Código Civil y Comercial /
Guardado en:
| Formato: | Libro |
|---|---|
| Idioma: | Spanish |
| Publicado: |
Santa Fe :
Rubinzal - Culzoni,
2015.
|
| Edición: | 1a. ed. |
| Materias: | |
| Etiquetas: |
Agregar Etiqueta
Sin Etiquetas, Sea el primero en etiquetar este registro!
|
| LEADER | 00668nam a22001935a 4500 | ||
|---|---|---|---|
| 001 | DER.der013970 | ||
| 008 | 190904s2015####ag#||||||||||||||#||spa|| | ||
| 005 | 20230612102747.0 | ||
| 245 | 1 | 0 | |a Revista de derecho privado y comunitario 2015 Número extraordinario : |b claves del Código Civil y Comercial / |c Alegría, Héctor. |
| 250 | |a 1a. ed. | ||
| 260 | |a Santa Fe : |b Rubinzal - Culzoni, |c 2015. | ||
| 300 | |a 727 p. | ||
| 700 | 1 | |a Alegría, Héctor, |e dir. | |
| 700 | 1 | |a Mosset Iturraspe, Jorge, |e dir. | |
| 650 | 7 | |a LIBERTAD DE CONTRATAR | |
| 650 | 7 | |a PERSONAS PRIVADAS | |
| 650 | 7 | |a PERSONAS JURIDICAS | |
| 650 | 7 | |a DERECHO SUCESORIO | |
| 859 | |a DERECHO |b BIB. DERECHO |h 346 |i REV |p 009178 | ||
